000 00548nam a2200169Ia 4500
008 090711s9999 xx 000 0 und d
082 _b975
100 _aसोवनी रा. वि.
245 _aकन्सल्टिंग रूम
260 _bप्रपंच प्रकाशन
_c1977
300 _a92
600 _aसोवनी रा. वि.
630 _aकन्सल्टिंग रूम
700 _aसोवनी रा. वि.
730 _aकन्सल्टिंग रूम
942 _cBOOK
999 _c333829
_d333829